Писатели за литературата и живота (Запис номер 72877)
[ съкратено ]
| 000 -Лидер | |
|---|---|
| Контролно поле с фиксирана дължина | 01124nam a2200277 c 4500 |
| 003 - Код на организацията, давaща контролен номер | |
| Контролно поле | BLK |
| 005 - Дата и час на последна редакция | |
| Контролно поле | 20180422103322.0 |
| 008 - Елементи от данни с фиксирана дължина | |
| fixed length control field | 180408b bul|||||r ||||||| ||bul|| |
| 010 ## - Наследен системен номер | |
| LC control number | KNG00077254000 |
| 020 ## - Международен стандартен номер на книга ISBN | |
| Международен стандартен номер на книга ISBN | 954-533-067-8 |
| -- | издат.: Кралица МАБ |
| 040 ## - Източник на каталожния запис | |
| Идентификатор на билиотеката - собственик на записа | BLK |
| 041 ## - Код за език | |
| Код за езика на текст/звукозапис или на отделно заглавие | Български |
| Код за езика КДБФ | Български |
| 080 ## - УДК | |
| Текстов определител УДК | Литература на отделни езици и езикови семейства |
| УДК код - определител по УДК | 821 |
| УДК определител | -84 |
| УДК - код + определител | 821-84 |
| 139 ## - Редно поле | |
| Редна дума | Писатели за литературата и живота |
| Авторски знак | Пис - П 54 |
| 245 10 - Сведения за заглавието | |
| Заглавие | Писатели за литературата и живота |
| Подзаглавни данни | Настолна кн. за читатели и писатели |
| Редно поле (дума) | подб. и състав. Йордан Йорданов Костурков. |
| 257 ## - Страна на издаване | |
| Страна на създаване/издаване | България |
| 260 ## - Област на издателските данни | |
| -- | София |
| Име на издателя, разпространителя и проч. | Кралица МАБ |
| Година на издаване | 2006 |
| 300 ## - Физическа характеристика | |
| Страници | 184 с. |
| Размери/Мащаб | 12Х16 см |
| 380 ## - Жанр | |
| Жанр | Худож. лит. |
| 700 1# - Други автори (авторска отговорност) | |
| Лично име | Костурков, Йордан Йорданов |
| Автороска отговорност (Описва отношението между автора и произведението) | подб. и състав. |
| 9 (RLIN) | 371461 |
| 852 ## - Местоположение | |
| Форматна сигнатура | Цб І 32707 |
| 856 4# - Електронен адрес и достъп | |
| Електронен формат | pdf - файл |
| Път до файла /url/ | |
| 856 4# - Електронен адрес и достъп | |
| Електронен формат | pdf - файл |
| Път до файла /url/ | |
| 942 ## - АРТИКУЛИ | |
| Вид на библиотечния материал | Книги |
| Скрит в OPAC | Не |
| 944 ## - СЪЗДАВАНЕ И РЕДАКЦИЯ на ЗАПИСА | |
| Създаване/Редакция | Създаване |
| Дата на регистрацията/редакция | 09.08.2007 |
| Служител, извършил регистрацията/редакцията | Геновева_Генчева |
| 944 ## - СЪЗДАВАНЕ И РЕДАКЦИЯ на ЗАПИСА | |
| Създаване/Редакция | Редакция |
| Дата на регистрацията/редакция | 28.08.2007 |
| Служител, извършил регистрацията/редакцията | |
| 999 ## - СИСТЕМНИ КОНТРОЛНИ НОМЕРА | |
| Koha biblionumber | 72877 |
| Koha biblioitemnumber | 72877 |
| Код за отписване | Код за изгубен артикул | Код за повреда | Коз за рестрикции | Код за отдаване | Артикулен № | Име на библиотеката - собственик | Име на библиотеката, в която се намира в момента | Статус (Текущо местоположение) | Дата на вписване в системата | Местоположение - отдел | Цена в лева | Инвентарен номер | Систематично азбучна сигнатура | Баркод | Номер на екземпляра | Цена в евро | Служебна бележка | Служебен тип на артикула |
|---|---|---|---|---|---|---|---|---|---|---|---|---|---|---|---|---|---|---|
| Не е изгубен | Не е повреден | без рестрикции | ползва се в читалня | 118474 | Регионална библиотека "Любен Каравелов" Русе | Регионална библиотека "Любен Каравелов" Русе | Хранилище | 2007-08-08 | Хранилище | 6.00 | 120000716429 | Цб І 32707 | 120000716429 | 1 | 3.07 | Дост: Dp Вид: Д N: 13 Дата: 08.03.2007 | Книги |